000 00264nam a2200109Ia 4500
008 200302s9999 xx 000 0 und d
100 _aFrank R.Neal
245 _aIce Design And Practice Guides
260 _bThomas Telford Publishing
260 _c2002
300 _a62
999 _c4716
_d4716